000
00321nam a22001337a 4500
003
OSt
008
250107b |||||||| |||| 00| 0 eng d
041
_a
eng
100
_a
ISRAELSON Corson
_9
6825
245
_a
Irrigation Principles and Practices
250
_a
3rd
260
_a
New York:
_b
John Wiley and Sons
942
_c
BK
999
_c
18977
_d
18977